header

We Europeans? (Record no. 20818)

MARC details
000 -LEADER
fixed length control field 01288nam a2200325 a 4500
245 00 - TITLE STATEMENT
Title We Europeans?
260 ## - PUBLICATION, DISTRIBUTION, ETC. (IMPRINT)
Place of publication Bristol :
Name of publisher Intellect,
Year of publication 2008.
300 ## - PHYSICAL DESCRIPTION
Number of Pages 198 p. :
Other physical details ill.
490 1# - SERIES STATEMENT
Series statement Changing media--changing Europe series ;
650 #0 - SUBJECT ADDED ENTRY--TOPICAL TERM
Topical Term Mass media
Topical Term Group identity
700 1# - ADDED ENTRY--PERSONAL NAME
Personal name Uricchio, William.
856 40 - ELECTRONIC LOCATION AND ACCESS
Uniform Resource Identifier http://site.ebrary.com/lib/rucke/Doc?id=10275516

No items available.

© 2026 Rongo University
Contact us: librarian | system librarian | Rongo university